obscure religious cults (Record no. 1450758)

MARC details
000 -LEADER
fixed length control field 00527nam a2200181Ia 4500
005 - DATE AND TIME OF LATEST TRANSACTION
control field 20250923145403.0
008 - FIXED-LENGTH DATA ELEMENTS--GENERAL INFORMATION
fixed length control field 008 250917s9999 xx 000 0 eng d
037 ## - SOURCE OF ACQUISITION
Stock number Textual
040 ## - CATALOGING SOURCE
Original cataloging agency DSWL
Language of cataloging eng
Transcribing agency DSWL
041 ## - LANGUAGE CODE
Language code of text/sound track or separate title eng
Source of code eng
084 ## - COLON CLASSIFICATION NUMBER
Classification number O1570gQ2, N62
Assigning agency DSWL
100 ## - MAIN ENTRY--PERSONAL NAME
Personal name DasGupta, S.
9 (RLIN) 834767
245 #0 - TITLE STATEMENT
Title obscure religious cults
Statement of responsibility, etc. by S. DasGupta
260 ## - PUBLICATION, DISTRIBUTION, ETC.
Place of publication, distribution, etc. Calcutta
Name of publisher, distributor, etc. Firma K.L.Mukhopadhyay
Date of publication, distribution, etc. 1962
300 ## - PHYSICAL DESCRIPTION
Extent 4436 p.
942 ## - ADDED ENTRY ELEMENTS (KOHA)
Koha item type Textual
Classification part O1570gQ2, N62
Holdings
Withdrawn status Lost status Damaged status Not for loan Home library Current library Date acquired Source of acquisition Total Checkouts Full call number Barcode Date last seen Price effective from Koha item type
        Department of Social Work Library Department of Social Work Library 2025-09-23 University of Winconsin College Year in India Programme Delhi-6   O1570gQ2, N62 SW0018134 2025-09-23 2025-09-23 Textual
Copyright @ Delhi University Library System